Statistics for Current World Leaders Tile Quiz

Click here to take the quiz!

General Stats

  • This quiz has been taken 12 times
  • The average score is 30 of 45

Answer Stats

QuestionTileSelect% Correct
North American LeadersJoe BidenYes
100%
North American LeadersSauli NiinistöNo
100%
North American LeadersAndry RajoelinaNo
91%
North American LeadersBongbong MarcosNo
91%
North American LeadersRanil WickremesingheNo
91%
European LeadersSurangel S. Whipps Jr.No
91%
European LeadersVahagn KhachaturyanNo
91%
Middle Eastern LeadersFrank-Walter SteinmeierNo
82%
European LeadersJustin TrudeauNo
82%
Middle Eastern LeadersKim Jong UnNo
82%
Middle Eastern LeadersLuiz Inácio Lula da SilvaNo
82%
European LeadersMiguel Díaz-CanelNo
82%
Middle Eastern LeadersAbdelmadjid TebbouneNo
73%
Middle Eastern LeadersAli KhameneiYes
73%
North American LeadersAndrés Manuel López ObradorYes
73%
Middle Eastern LeadersBashar al-AssadYes
73%
European LeadersJakov MilatovićYes
73%
European LeadersMatamela Cyril RamaphosaNo
73%
European LeadersPedro SánchezYes
73%
South American LeadersSahle-Work ZewdeNo
73%
South American LeadersSalome ZourabichviliNo
73%
Middle Eastern LeadersSheikh Mishal Al-Ahmad Al-Jaber Al-SabahYes
73%
European LeadersVladimir PutinYes
73%
North American LeadersWesley SiminaNo
73%
Middle Eastern LeadersAbdullah II bin Al-HusseinYes
64%
Oceanian LeadersFélix TshisekediNo
64%
South American LeadersLuis Lacalle PouYes
64%
South American LeadersSantiago PeñaYes
64%
South American LeadersSerdar BerdimuhamedowNo
64%
Oceanian LeadersShavkat Miromonovich MirziyoyevNo
64%
Oceanian LeadersŽeljko KomšićNo
64%
North American LeadersAriel HenryYes
55%
South American LeadersChristine KangalooNo
55%
Oceanian LeadersFumio KishidaNo
55%
European LeadersJonas Gahr StøreYes
55%
Oceanian LeadersMokgweetsi MasisiNo
55%
South American LeadersNayib Armando Bukele OrtezNo
55%
Oceanian LeadersTaneti MaamauYes
55%
Oceanian LeadersAnthony AlbaneseYes
45%
South American LeadersGabriel BoricYes
45%
Oceanian LeadersNikenike VurobaravuYes
45%
Middle Eastern LeadersSamia Suluhu HassanNo
45%
Oceanian LeadersWiliame KatonivereYes
45%
North American LeadersLaurentino CortizoYes
36%
South American LeadersMohamed Irfaan AliYes
9%

Score Distribution

Percentile by Number Answered

Percent of People with Each Score

Your Score History

You have not taken this quiz